Minicomputer systems : organization, programming, and applications (PDP-11) /

Guardado en:
Autor Principal: Eckhouse, Richard H., 1940-
Otros Autores: Morris, L. Robert.
Formato: Libro
Idioma:English
Publicado: Englewood Cliffs, N.J. : Prentice-Hall, c1979.
Edición:2nd ed.
Materias:
Etiquetas: Agregar Etiqueta
Sin Etiquetas, Sea el primero en etiquetar este registro!
LEADER 00828pam a2200229 a 4500
001 MAT.inmabb002620
008 790110s1979####njua#####b####001#0#eng##
005 20110316164419.0
245 1 0 |a Minicomputer systems :  |b organization, programming, and applications (PDP-11) /  |c Richard H. Eckhouse, Jr. [and] L. Robert Morris. 
250 |a 2nd ed. 
260 |a Englewood Cliffs, N.J. :  |b Prentice-Hall,  |c c1979. 
300 |a xix, 491 p. :  |b il. ;  |c 25 cm. 
504 |a Incluye referencias bibliográficas (p. 477-483) e índice. 
020 |a 0135839149 
100 1 |a Eckhouse, Richard H.,  |d 1940- 
700 1 |a Morris, L. Robert. 
650 0 |a PDP-11 (Computer)  |x Programming. 
650 0 |a Minicomputers  |x Programming. 
084 |a 68  |2 msc2000 
010 |a  79000267  
040 |a DLC  |c DLC  |d DLC 
859 |h 68  |i Ec19  |p A-5046  |b BIB. MATEMATICA